Construction (Design and Management) Regulations 2015 (Record no. 121036)
[ view plain ]
| 000 -LEADER | |
|---|---|
| fixed length control field | 01599cai a22002175a 4500 |
| 001 - CONTROL NUMBER | |
| control field | L158697 |
| 008 - FIXED-LENGTH DATA ELEMENTS--GENERAL INFORMATION | |
| fixed length control field | 070418u2015 xxk g 000 0 eng d |
| 035 ## - SYSTEM CONTROL NUMBER | |
| System control number | (Sirsi) u158697 |
| 041 0# - LANGUAGE CODE | |
| Language code of text/sound track or separate title | eng |
| 110 2# - MAIN ENTRY--CORPORATE NAME | |
| Corporate name or jurisdiction name as entry element | CITB-ConstructionSkills |
| 9 (RLIN) | 4992 |
| 240 ## - UNIFORM TITLE | |
| Uniform title | CDM 2015 |
| 245 00 - TITLE STATEMENT | |
| Title | Construction (Design and Management) Regulations 2015 |
| Remainder of title | Industry guidance |
| Medium | [electronic resource] |
| 505 ## - FORMATTED CONTENTS NOTE | |
| Formatted contents note | Clients: Industry guidance for Clients -- Principal Designers: Industry guidance for Principal Designers -- Designers: Industry guidance for Designers -- Principal Contractors: Industry guidance for Principal Contractors -- Contractors: Industry guidance for Contractors -- Workers: Industry guidance for Workers |
| 520 ## - SUMMARY, ETC. | |
| Summary, etc. | Provides the industry guidance on the Construction (Design and Management) Regulations 2015, written by industry volunteers appointed via the Construction Industry Advisory Committee (CONIAC) with small businesses in mind. There are six documents: one for each of the five duty holders under CDM 2015 and an additional one for workers. Each one sets out in practical terms what actions are required to deliver building and construction projects in a way that prevents injury and ill health. |
| 590 ## - LOCAL NOTE (RLIN) | |
| Local note | KA NTK |
| 650 24 - SUBJECT ADDED ENTRY--TOPICAL TERM | |
| Topical term or geographic name entry element | CONSTRUCTION (DESIGN AND MANAGEMENT) REGULATIONS 2015 |
| 651 #4 - SUBJECT ADDED ENTRY--GEOGRAPHIC NAME | |
| Geographic name | Great Britain |
| Chronological subdivision | 1707- |
| 690 ## - LOCAL SUBJECT ADDED ENTRY--TOPICAL TERM (OCLC, RLIN) | |
| Topical term or geographic name as entry element | Design and specification |
| 856 40 - ELECTRONIC LOCATION AND ACCESS | |
| Uniform Resource Identifier | <a href="https://www.citb.co.uk/health-safety-and-other-topics/health-safety/construction-design-and-management-regulations/cdm-guidance-documents/">https://www.citb.co.uk/health-safety-and-other-topics/health-safety/construction-design-and-management-regulations/cdm-guidance-documents/</a> |
| Public note | View the website free of charge at www.citb.co.uk... |
| 942 ## - ADDED ENTRY ELEMENTS (KOHA) | |
| Suppress in OPAC | 0 |
| Withdrawn status | Lost status | Source of classification or shelving scheme | Damaged status | Not for loan | Home library | Current library | Shelving location | Date acquired | Total Checkouts | Full call number | Barcode | Date last seen | Copy number | Price effective from | Koha item type |
|---|---|---|---|---|---|---|---|---|---|---|---|---|---|---|---|
| Dewey Decimal Classification | Virtual | Virtual | Online | 24/06/2015 | WEBSITE | 158697-2001 | 06/08/2019 | 1 | 06/08/2019 | Online material |